[Event "1' Infrassettimanale  - Poco a Poco"]
[Site "?"]
[Date "2024.03.18"]
[Round "5"]
[White "Di Mantino, Mauro"]
[Black "Perogio, Lorenzo"]
[Result "0-1"]
[WhiteElo "1953"]
[BlackElo "1817"]
[PlyCount "90"]
[EventDate "2024.??.??"]
[SourceVersionDate "2024.03.19"]

1. c4 c5 2. g3 Nc6 3. Bg2 e5 4. Nc3 g6 5. e3 Bg7 6. Nge2 Nge7 7. a3 O-O 8. O-O d6 9. Rb1 Be6 10. Nd5 Qd7 11. b4 Rae8 12. Re1 b6 13. d3 Bh3 14. b5 Na5 15. Bh1 Nxd5 16. Bxd5 Be6 17. Nc3 Bxd5 18. Nxd5 Nb7 19. Bb2 Nd8 20. Qd2 Ne6 21. Rf1 Nc7 22. Nxc7 Qxc7 23. e4 Qd7 24. Rbe1 Qh3 25. f4 f5 26. fxe5 dxe5 27. exf5 Rxf5 28. Rxf5 Qxf5 29. Re4 Rf8 30. Qe2 Qf3 31. Bc1 Qxe2 32. Rxe2 Rd8 33. Bb2 Rxd3 34. Bxe5 Bxe5 35. Rxe5 Rxa3 36. Re7 Ra2 37. Kh1 Ra4 38. Re4 Kf7 39. Kg2 Ra3 40. Kh3 h5 41. Kh4 Kf6 42. Rf4+ Kg7 43. Kg5 Re3 44. Rf2 Re4 45. Ra2 Rg4# 0-1